<?xml version="1.0" encoding="UTF-8"?>
<record
    xmlns:xsi="http://www.w3.org/2001/XMLSchema-instance"
    xsi:schemaLocation="http://www.loc.gov/MARC21/slim http://www.loc.gov/standards/marcxml/schema/MARC21slim.xsd"
    xmlns="http://www.loc.gov/MARC21/slim">

  <leader>08149cam a22003974i 4500</leader>
  <controlfield tag="003">PE-LiUPU</controlfield>
  <controlfield tag="005">20250731183430.0</controlfield>
  <controlfield tag="008">150706s2009    sp a    r     000 0 spa d</controlfield>
  <datafield tag="020" ind1=" " ind2=" ">
    <subfield code="a">9788497283168</subfield>
  </datafield>
  <datafield tag="020" ind1=" " ind2=" ">
    <subfield code="a">9788497283175</subfield>
  </datafield>
  <datafield tag="035" ind1=" " ind2=" ">
    <subfield code="a">(Sirsi) i9788497283168</subfield>
  </datafield>
  <datafield tag="040" ind1=" " ind2=" ">
    <subfield code="a">PE-LiUPU</subfield>
    <subfield code="b">spa</subfield>
    <subfield code="c">PE-LiUPU</subfield>
    <subfield code="e">rda</subfield>
  </datafield>
  <datafield tag="049" ind1=" " ind2=" ">
    <subfield code="a">PRUA</subfield>
  </datafield>
  <datafield tag="082" ind1="0" ind2="4">
    <subfield code="a">720</subfield>
    <subfield code="b">A19</subfield>
    <subfield code="2">21</subfield>
  </datafield>
  <datafield tag="111" ind1="2" ind2=" ">
    <subfield code="a">Congreso Nacional de Historia de la Construcci&#xF3;n</subfield>
    <subfield code="n">6&#xBA;.</subfield>
    <subfield code="d">2009</subfield>
    <subfield code="c">Valencia</subfield>
  </datafield>
  <datafield tag="245" ind1="1" ind2="0">
    <subfield code="a">Actas del sexto congreso nacional de historia de la construcci&#xF3;n /</subfield>
    <subfield code="c">Santiago Huerta, Rafael Mar&#xED;n, Rafael Soler y Arturo Zaragoz&#xE1;.</subfield>
  </datafield>
  <datafield tag="264" ind1=" " ind2="1">
    <subfield code="a">[Madrid] :</subfield>
    <subfield code="b">Instituto Juan de Herrera,</subfield>
    <subfield code="c">[2009].</subfield>
  </datafield>
  <datafield tag="300" ind1=" " ind2=" ">
    <subfield code="a">(721 - 1461 p&#xE1;ginas) :</subfield>
    <subfield code="b">ilustraciones ;</subfield>
    <subfield code="c">24 cent&#xED;metros</subfield>
  </datafield>
  <datafield tag="336" ind1=" " ind2=" ">
    <subfield code="a">text</subfield>
    <subfield code="2">rdacontent</subfield>
  </datafield>
  <datafield tag="337" ind1=" " ind2=" ">
    <subfield code="a">unmediated</subfield>
    <subfield code="2">rdamedia</subfield>
  </datafield>
  <datafield tag="338" ind1=" " ind2=" ">
    <subfield code="a">volume</subfield>
    <subfield code="2">rdacarrier</subfield>
  </datafield>
  <datafield tag="505" ind1="0" ind2=" ">
    <subfield code="a">La cimentaci&#xF3;n de las torres de la plaza de Espa&#xF1;a de Sevilla: regionalismo e innovaci&#xF3;n tecnol&#xF3;gica en los a&#xF1;os 1920 -- Aparejos y medios auxiliares durante los siglos XVII y XVIII: el caso del monasterio barroco de San Juan de la Pe&#xF1;a -- La Sccientia vero de ingeniis. El concepto de homogeneidad del material versus resistencia en los pilares de una catedral g&#xF3;tica -- La c&#xFA;pula de El Escorial: geometr&#xED;a, estereotom&#xED;a y estabilidad -- Carlos Carbonell Pa&#xF1;ella en Alginet (Valencia): mercado municipal y matadero -- George Edmund Street (1824-1881) y su contribuci&#xF3;n al estudio de la arquitectura g&#xF3;tica en Espa&#xF1;a -- La complejidad estructural y constructiva del apeo del pilar toral de la Catedral de Valencia (1660-1663) -- T&#xE9;cnicas y tipolog&#xED;as constructivas de las fortificaciones medievales de la axarqu&#xED;a almeriense -- La c&#xFA;pula tabicada de San Juan de la Penitencia -- La construcci&#xF3;n de la b&#xF3;veda de crucer&#xED;a de Vandelvira -- La organizaci&#xF3;n del trabajo en las obras valencianas. La construcci&#xF3;n en Alzira y la Ribera del X&#xFA;quer durante los siglos XIV-XV -- La construcci&#xF3;n de los Puentes de la l&#xED;nea del Ferrocarril Santander Mediterr&#xE1;neo -- Blancos en el plano. Edificios desprotegidos del centro hist&#xF3;rico de Valencia -- Concepcao e construcao de ab&#xF3;badas nervuradas an&#xE1;lise geom&#xE9;trica e formal -- La cubierta de canter&#xED;a de la colegiata de X&#xE1;tiva -- La t&#xE9;cnica de la decoraci&#xF3;n mural "a graffito" en el acabado de las superficies arquitect&#xF3;nicas. El palacio de la Canceller&#xED;a Vecchia en Roma: an&#xE1;lisis y problemas de conservaci&#xF3;n -- Impiego dei mattoni nella Casa dei Crescenzi in Roma -- Los art&#xED;fices de la construcci&#xF3;n del artesonado de la Sala Nova. Palau de la Generalitat, Valencia (1540-1566) -- Otro ensayo de arqueolog&#xED;a aplicada al conocimiento de edificios hist&#xF3;ricos. La Real Casa de la Moneda de Sevilla -- Cubiertas formadas por paraboloides hiperb&#xF3;licos: ventajas en su funcionamiento estructural y en su construcci&#xF3;n -- Aportaci&#xF3;n de la obra de Enrique Ma Repulles y Vargas: su proyecto de conducci&#xF3;n de aguas en Piedrah&#xED;ta (&#xC1;vila) -- El estanque de la villa renacentista El Bosque de B&#xE9;jar, una presa holandesa en Castilla -- Construir el Pa&#xED;s Vasco de posguerra -- Historia de la vinculaci&#xF3;n entre el dise&#xF1;o y estructura en las estructuras cer&#xE1;micas de principios del siglo XX -- Origen, influencias y realidad en la construcci&#xF3;n del puente de Trinidad de Valencia -- An&#xE1;lisis del m&#xE9;todo de las rampas en la construcci&#xF3;n de la Gran Pir&#xE1;mide de Giza -- El reto de la higienizaci&#xF3;n y el progreso t&#xE9;cnico al servicio de la construcci&#xF3;n de viviendas salubres (siglos XIX-XX) -- El espacio de Betxi. Historia de su construcci&#xF3;n a trav&#xE9;s de la lectura del edificio -- Un fragmento en la historia de la prefabricaci&#xF3;n -- Mathurin Jousse: preludio de la estereotom&#xED;a moderna -- El balc&#xF3;n valenciano. Evoluci&#xF3;n de un elemento caracter&#xED;stico del ambiente urbano -- Los sistemas de control formal de la f&#xE1;brica en el g&#xF3;tico: la manifestaci&#xF3;n de los primeros cambios de la traza de la catedral hispalense (1433-1440) -- La c&#xFA;pula del a Iglesia de Villahermosa del R&#xED;o en el inicio de la construcci&#xF3;n academicista -- Las b&#xF3;vedas g&#xF3;ticas en Lehrbuch der gotishcen Constructionen de Geort Gottlob Ungewitter -- Fortificaciones de la guerra civil espa&#xF1;ola en la Sierra de Guadarrama: estudio de la posici&#xF3;n "Rocosa Alta" (Cerro de la Cabeza) -- Magisterio t&#xE9;cnico en el ayuntamiento de Fuentes de Andaluc&#xED;a (Sevilla) -- El conocimiento cient&#xED;fico de la construcci&#xF3;n a trav&#xE9;s de las revistas t&#xE9;cnicas: informes de la construcci&#xF3;n -- Tecniche construttive murarie medievali in Sardegna fra X e XV secolo -- "De la manera de pintar en los edificios y "de las colores" por el licenciado L&#xE1;zaro de Velasco, traductor del tratado vitruviano -- Las complejas estructuras de madera en los invernales de Lamas&#xF3;n. La pervivencia de una soluci&#xF3;n arquitect&#xF3;nica culta medieval en la arquitectura popular de una comarca de monta&#xF1;a de Cantabria -- El puente de Isabel 2a de Girona (1850-1858): relaci&#xF3;n entre gesti&#xF3;n constructiva y gesti&#xF3;n urbana en la obra p&#xFA;blica de mediados del siglo XIX -- Racionalizaci&#xF3;n de sistemas y materiales de construcci&#xF3;n en el movimiento moderno espa&#xF1;ol 1927-1937 -- La construcci&#xF3;n de la Universidad Laboral de Zamora -- La construcci&#xF3;n de los paredones y pretiles del r&#xED;o Turia a su paso por la ciudad de Valencia. Historia, puesta en obra, materiales y levantamiento planim&#xE9;trico -- Domed medieval churches in Armenia: form and construction -- El gran enga&#xF1;o del agua. Francisco de Montalb&#xE1;n y la obra del acueducto de Jerez de la Frontera 1579-1587 -- La l&#xE1;mina de zinc en la arquitectura del modernismo en Cartagena -- El barrio de poniente en el Raval de Barcelona, 1838-1867. Un ejemplo de proyecto de vivienda masiva -- Los puentes de Cenicero-El Ciego y Ba&#xF1;os de Ebro. El tr&#xE1;nsito en utilizaci&#xF3;n de la b&#xF3;veda de siller&#xED;a a la de hormig&#xF3;n en masa -- La geometr&#xED;a en los acueductos romanos -- Construcciones para antiguos aprovechamientos hidr&#xE1;ulicos. Un ejemplo de arquitectura popular rural en Cantabria -- Sabina Albar (Juniperus Thurifera) en la arquitectura vern&#xE1;cula: los chozones ganaderos (Guadalajara-Espa&#xF1;a) -- Si el huevo o la gallina fue primero. La evoluci&#xF3;n de las t&#xE9;cnicas constructivas del hormig&#xF3;n armado y la transformaci&#xF3;n del lenguaje arquitect&#xF3;nico -- Nuevas consideraciones sobre el acueducto romano de Almu&#xF1;ecas -- El puente de Renedo sobre el Esgueva y su relaci&#xF3;n con los proyectos ilustrados contempor&#xE1;neos -- Entre el utilitarismo y la escenograf&#xED;a: el caracol de varias subidas en la arquitectura espa&#xF1;ola -- Evoluci&#xF3;n de los morteros hist&#xF3;ricos de yeso al exterior en la Espa&#xF1;a central -- Construcciones hidr&#xE1;ulicas en el r&#xED;o Tajo en la actual Comunidad Aut&#xF3;noma de Madrid. Siglos XV al XVII -- &#xBF;Cu&#xE1;ntos maestros de obras participar&#xED;an en la construcci&#xF3;n de un campanario a finales del siglo XVIII? Apuntes para la historia de la torre de la iglesia parroquial de San Salvador de Vendrell (Tarragona) -- Caracter&#xED;sticas estructurales de los edificios de la Comunidad Valenciana construidos entre los a&#xF1;os 1950 a 1980 -- La t&#xE9;cnica del tapial en las fortificaciones y despoblados de Sharq Al-Andalus. Un estudio arquitect&#xF3;nico constructivo -- El aula capitular del monasterio de Santo Domingo de Valencia y las salas con pilares esbeltos de la arquitectura de los siglos XIII y XIV -- Evoluci&#xF3;n hist&#xF3;rica de la morfolog&#xED;a urbana, tipolog&#xED;as y procedimientos constructivos en la comarca de Guadix-El Marquesado en la provincia de Granada -- Pol Abraham y la cr&#xED;tica al racionalismo de Viollet-le-Duc.</subfield>
  </datafield>
  <datafield tag="526" ind1=" " ind2=" ">
    <subfield code="a">P158</subfield>
  </datafield>
  <datafield tag="526" ind1=" " ind2=" ">
    <subfield code="a">P146</subfield>
  </datafield>
  <datafield tag="526" ind1=" " ind2=" ">
    <subfield code="a">P17</subfield>
  </datafield>
  <datafield tag="526" ind1=" " ind2=" ">
    <subfield code="a">P12</subfield>
  </datafield>
  <datafield tag="526" ind1=" " ind2=" ">
    <subfield code="a">P06</subfield>
  </datafield>
  <datafield tag="650" ind1="1" ind2="4">
    <subfield code="a">Construcci&#xF3;n</subfield>
    <subfield code="x">Historia</subfield>
    <subfield code="v">Congresos y asambleas.</subfield>
  </datafield>
  <datafield tag="650" ind1="2" ind2="4">
    <subfield code="a">Arquitectura</subfield>
    <subfield code="x">Historia</subfield>
    <subfield code="v">Congresos y asambleas.</subfield>
  </datafield>
  <datafield tag="700" ind1="1" ind2=" ">
    <subfield code="a">Huerta, Santiago,</subfield>
    <subfield code="e">ed.</subfield>
  </datafield>
  <datafield tag="910" ind1=" " ind2=" ">
    <subfield code="a">gl</subfield>
  </datafield>
  <datafield tag="942" ind1=" " ind2=" ">
    <subfield code="2">ddc</subfield>
    <subfield code="c">BOOK</subfield>
  </datafield>
  <datafield tag="949" ind1=" " ind2=" ">
    <subfield code="a">720 A19 2</subfield>
    <subfield code="w">DEWEY</subfield>
    <subfield code="c">1</subfield>
    <subfield code="i">63813</subfield>
    <subfield code="l">CCODEBUL1</subfield>
    <subfield code="m">BUL</subfield>
    <subfield code="p">48.00</subfield>
    <subfield code="r">0</subfield>
    <subfield code="s">Y</subfield>
    <subfield code="t">BOOK</subfield>
    <subfield code="u">2015-7-6</subfield>
    <subfield code="x">INGENIERIA</subfield>
    <subfield code="o">.STAFF. Colecci&#xF3;n General</subfield>
  </datafield>
  <datafield tag="999" ind1=" " ind2=" ">
    <subfield code="c">52705</subfield>
    <subfield code="d">52705</subfield>
  </datafield>
  <datafield tag="980" ind1=" " ind2=" ">
    <subfield code="8">1</subfield>
    <subfield code="g">ALBERTO SANCHEZ Responsable de Automatizaci&#xF3;n</subfield>
  </datafield>
  <datafield tag="952" ind1=" " ind2=" ">
    <subfield code="r">2025-12-03 00:00:00</subfield>
    <subfield code="i">8</subfield>
    <subfield code="l">1</subfield>
    <subfield code="o">720 A19 2</subfield>
    <subfield code="p">63813</subfield>
    <subfield code="s">2015-09-02</subfield>
    <subfield code="t">e1</subfield>
    <subfield code="v">53.00</subfield>
    <subfield code="w">2015-07-06</subfield>
    <subfield code="x">FIA</subfield>
    <subfield code="y">BK</subfield>
    <subfield code="z">inventario-2023-12-13</subfield>
    <subfield code="1">0</subfield>
    <subfield code="2">ddc</subfield>
    <subfield code="5">0</subfield>
    <subfield code="7">0</subfield>
    <subfield code="8">GEN</subfield>
    <subfield code="f">P06</subfield>
    <subfield code="a">BUL</subfield>
    <subfield code="b">BUL</subfield>
    <subfield code="c">GEN</subfield>
    <subfield code="d">2015-07-06</subfield>
    <subfield code="e">COMPRA</subfield>
    <subfield code="g">48.00</subfield>
  </datafield>
</record>
